00929cam a2200241 a 450000100100000000500170001000800410002702000150006804000250008308200190010810000450012724500540017226000370022630000270026365000450029065000360033571000440037171000450041571000560046091000340051695201220055099900150067200000488720200929151527.0020729s2001 nq a 001 0 spa  a9992442425 aDO-SdBNPbspacBNPHU aN861.44bS211h1 aSánchez, María Teresa,d1918-91413910aHuésped del olvido /cMaría Teresa Sánchez. aManagua :bANE/CNE/NORAD,c2001. a52 p. :bil. ;c21 cm. 4aPoesía nicaragünseySIGLO XXI914140 4aLiteratura nicaragüense981221 aAsociacion Noruega de Escritores9141411 aCentro Nicaragüense de Editores9141421 aNorwegian Agency for Development Cooperation914143 aCatalogación por copia / LC 001052708MOaGRbGRcCTd2009-07-27iLF1l0oN861.44 S211hp4887-10r2020-06-25w2020-06-25y2ZPréstamo interno c4693d4693